00485nam a2200193 a 4500001001300000003000900013005001700022008004100039020000900080082001900089100001800108245003100126260004200157300000900199500003500208505001300243650001700256700001800273nice12345678IN_TiNIC20260116014611.0050524s2001 alia grp 000 0 urd  ac5000a891.4393bPAR1 aParvez, Athar aMinto Key Numainda Afsaney aAligarhbEducational Book Housec2001 a272p aincludes index and biblioraphy2 aGlossary aUrdu-Fiction1 aParvez, Athar